| Tag |
First Indicator |
Second Indicator |
Subfields |
| LEADER |
00000cam a2200000 4500 |
| 001 |
in00000036178 |
| 005 |
20230925145158.7 |
| 008 |
800410s1950 uk a 001 0 eng |
| 010 |
|
|
|a 51020219
|
| 035 |
|
|
|a (OCoLC)06185612
|
| 035 |
|
|
|9 AAB8118AM
|
| 040 |
|
|
|a DLC
|c TLT
|d TXA
|d UtOrBLW
|
| 049 |
|
|
|a TXAM
|c [406900]
|
| 050 |
|
0 |
|a TE175
|b .R68
|
| 082 |
0 |
|
|a 625.72
|
| 082 |
0 |
4 |
|a 625.72
|a R888h
|
| 100 |
1 |
|
|a Royal-Dawson, F. G.
|q (Frederick George),
|d 1867-
|
| 245 |
1 |
4 |
|a The highway engineer's pocket book ;
|b a simplified guide to road location for field and office use /
|c With a foreword by E. B. Hugh-Jones.
|
| 264 |
|
1 |
|a London :
|b E. & F. N. Spon,
|c 1950.
|
| 300 |
|
|
|a ix, 113 pages :
|b diagrams ;
|c 19 cm.
|
| 336 |
|
|
|a text
|b txt
|2 rdacontent
|
| 337 |
|
|
|a unmediated
|b n
|2 rdamedia
|
| 338 |
|
|
|a volume
|b nc
|2 rdacarrier
|
| 650 |
|
0 |
|a Roads
|x Design and construction.
|
| 650 |
|
0 |
|a Curves in engineering.
|
| 999 |
|
|
|a MARS
|
| 999 |
f |
f |
|s fdeb6515-0dbb-302f-a5f6-850efb3e0209
|i 82f3ed7f-bd32-3af5-814f-86471fcfed5b
|t 0
|
| 952 |
f |
f |
|p ric
|a Texas A&M University
|b Rellis Campus
|c Joint Library Facility
|d Remote Storage
|t 0
|e TE175 .R68
|h Library of Congress classification
|i unmediated -- volume
|m A14811647414
|
| 998 |
f |
f |
|a TE175 .R68
|t 0
|l Remote Storage
|